Central Library OPAC University of Rajshahi
Normal view MARC view

Entry Uniform Title

Number of records used in: 4

001 - CONTROL NUMBER

  • control field: 1654

003 - CONTROL NUMBER IDENTIFIER

  • control field: BD-RjUL

005 - DATE AND TIME OF LATEST TRANSACTION

  • control field: 20220303094720.0

008 - FIXED-LENGTH DATA ELEMENTS

  • fixed length control field: 220303|| aca||aabn | a|a d

040 ## - CATALOGING SOURCE

  • Original cataloging agency: BD-RjUL
  • Transcribing agency: BD-RjUL

130 ## - HEADING--UNIFORM TITLE

  • Uniform title: المطبوعات العربية ؛

670 ## - SOURCE DATA FOUND

  • Source citation: Work cat.: (BD-RjUL)79478: الادريسى، الشريف محمد بن محمد ;; Al-Idrisi, Sharif Muhammad bin Muhammad, 1100-1165 1650, وصف الهند وما يجاورها من البلاد ;; wasaf alhind wama yujawiruha min albilad :, ١٩٥٤.[1954]